000 00770cab a2200241 4500
001 WB3508-41
008 090401t1999 xxu||||| |||| 00| 0 eng d
035 _a(Sirsi) u91620
041 _aeng
245 _aUK milk market
260 _c1999
350 _a0
490 _aFinancial Times
_v26 February 1999, 8(2)
520 _aThe Monopolies and Mergers Commission has published the results of its investigation into the supply of raw milk in the UK. Discusses the opposing views of the dairy farmers and dairy industry.
650 _aDAIRY FARMING
650 _aDAIRY INDUSTRY
650 _aMILK MARKETING BOARDS
650 _aMILK MARQUE
650 _aMONOPOLIES AND MERGERS COMMISSION
690 _aRURAL PRACTICE
942 _n0
948 _c26/02/1999
999 _c58179
_d58179